000 00538nam a2200205Ia 4500
003 GCL
008 140319s9999 xx 000 0 eng d
040 _aGCL /
_cGCL
082 0 4 _a327.09
_bE S
100 1 _aEFRAT, MOSHE
245 1 0 _aSUPERPOWERS AND CLIENT STATES IN THE MIDDLE EAST /
_cEFRAT, MOSHE
700 1 _aBERCOVITOH, JACOB
260 _a[S.N] :
_bROUTLEDGE ،
_c1991
300 _a272 P
650 0 4 _aUNITED STATES
650 0 4 _aMIDDLE EAST
650 0 4 _aSOVIET UNION
650 0 4 _aFOREIGN RELATIONS
942 _2ddc
_cBK
999 _c10405
_d10405